Política económica internacional / (Record no. 87258)

MARC details
000 -LEADER
campo de control de longitud fija 00583nam a2200169 i 4500
001 - NÚMERO DE CONTROL
campo de control 87258
003 - IDENTIFICADOR DE NÚMERO DE CONTROL
campo de control ES-MaACL
007 - CAMPO FIJO DE DESCRIPCIÓN FÍSICA--INFORMACIÓN GENERAL
campo de control de longitud fija t|
008 - DATOS DE LONGITUD FIJA--INFORMACIÓN GENERAL
campo de control de longitud fija 041220s1914 sp ||||1| spa d
100 1# - ENTRADA PRINCIPAL--NOMBRE DE PERSONA
Nombre de persona Kobatsch, Rudolf.
9 (RLIN) 68387
245 10 - MENCIÓN DEL TÍTULO
Título Política económica internacional /
Mención de responsabilidad, etc. por Rudolf Kobatsch ; adaptada y puesta al día por Guido Pilati ; y vertida al castellano por Antonio Revenga.
260 ## - PUBLICACIÓN, DISTRIBUCIÓN, ETC.
Lugar de publicación, distribución, etc. Madrid :
Nombre del editor, distribuidor, etc. [s.n.,
Fecha de publicación, distribución, etc. 1914] (
Fabricante Hijos de Reus)
300 ## - DESCRIPCIÓN FÍSICA
Extensión XXVII, 352 p. ;
Dimensiones 23 cm.
700 1# - ENTRADA AGREGADA--NOMBRE PERSONAL
Nombre de persona Pilati, Guido.
9 (RLIN) 92021
700 1# - ENTRADA AGREGADA--NOMBRE PERSONAL
Nombre de persona Revenga, Antonio.
9 (RLIN) 96399
852 ## - LOCALIZACIÓN
Ubicación ES-MaACL
Número de control de estantería B-5973
Holdings
Estatus retirado Estado de pérdida Estado de daño No para préstamo Biblioteca de origen Biblioteca actual Ubicación en estantería Fecha de adquisición Fuente de adquisición Total de préstamos Signatura topográfica completa Código de barras Visto por última vez Precio de reemplazo Tipo de ítem Koha
        Biblioteca del Ateneo de Madrid Biblioteca del Ateneo de Madrid Sala Pardo Bazán 17/01/2008     B-5973 1091164 23/02/2023 23/02/2023 Libro impreso